000 00331nam a22001337a 4500
008 160503b xxu||||| |||| 00| 0 eng d
020 _a9780766802148
020 _a0766802140
020 _a9780766802148
041 _aeng
080 _a61
245 _aHuman Dieases:
_cMarianne Neighbors; Ruth Tannehill Jones;
942 _2udc
_cBK
999 _c1732
_d1732